| 000 | 00360nam a2200133Ia 4500 | ||
|---|---|---|---|
| 005 | 20260328101458.0 | ||
| 008 | 260328s9999||||xx |||||||||||||| ||und|| | ||
| 100 | _aMosquera Torres, Gilma | ||
| 245 | 0 |
_aDos ensayos sobre la Ciudad Colombiana / _cGilma Mosquera Torres |
|
| 260 | _bUniversidad Del Valle | ||
| 300 | _a231 p. | ||
| 650 | _aURBANISMO | ||
| 942 | _cBK | ||
| 999 |
_c8882 _d8882 |
||